Keshav Mahantar geet samagra (Record no. 10175)

MARC details
000 -LEADER
fixed length control field 00591cam a2200205ua 4500
001 - CONTROL NUMBER
control field 11343
005 - DATE AND TIME OF LATEST TRANSACTION
control field 20260515114736.0
008 - FIXED-LENGTH DATA ELEMENTS--GENERAL INFORMATION
fixed length control field 190913n ii |||gr||||Z||||||asm
020 ## - INTERNATIONAL STANDARD BOOK NUMBER
International Standard Book Number 9789384589998
040 ## - CATALOGING SOURCE
Transcribing agency MAIN
082 ## - DEWEY DECIMAL CLASSIFICATION NUMBER
Classification number 891.4511
100 ## - MAIN ENTRY--PERSONAL NAME
Personal name Manjyotsna Mahanta Goswami,
Relator term Editor.,
245 ## - TITLE STATEMENT
Title Keshav Mahantar geet samagra
Statement of responsibility, etc. Edited by Manjyotsna Mahanta Goswami
250 ## - EDITION STATEMENT
Edition statement 1st ed.
260 ## - PUBLICATION, DISTRIBUTION, ETC.
Place of publication, distribution, etc. Guawahati:
Name of publisher, distributor, etc. Union Book publication,
Date of publication, distribution, etc. 2017.
300 ## - PHYSICAL DESCRIPTION
Extent 589p.
653 ## - INDEX TERM--UNCONTROLLED
Uncontrolled term East Indo-European & Celtic literatures
653 ## - INDEX TERM--UNCONTROLLED
Uncontrolled term Collection of Assamese Songs
942 ## - ADDED ENTRY ELEMENTS (KOHA)
Koha item type Books
Holdings
Withdrawn status Lost status Damaged status Not for loan Home library Current library Shelving location Date acquired Total checkouts Full call number Barcode Date last seen Copy number Price effective from Koha item type
        Naharkatiya College Library Naharkatiya College Library General stacks 09/19/2020   891.4511Assamese poetry | GOS 26322 09/19/2020 1 09/19/2020 Books